| 000 | 00549nam a2200169Ia 4500 | ||
|---|---|---|---|
| 008 | 240729s9999 xx 000 0 und d | ||
| 022 | _a2311-9284 | ||
| 245 | 0 | _aBothalia: African Biodiversity & Conservation | |
| 260 | _aSouth Africa | ||
| 260 | _bSouth African National Biodiversity Institut | ||
| 650 | _a General. Including nature conservation, geographical distribution | ||
| 650 | _a Natural history (General) | ||
| 650 | _aScience | ||
| 856 | _uhttps://doaj.org/toc/e599f61d05a6448a9f40b030d43c7869 | ||
| 942 | _2ddc | ||
| 942 | _cDOAJEJ | ||
| 999 |
_c73134 _d73134 |
||
| 945 |
_a1 _bMadushi Gamage _c1 _dMadushi Gamage |
||